<?xml version="1.0" encoding="UTF-8"?>
<record
    xmlns:xsi="http://www.w3.org/2001/XMLSchema-instance"
    xsi:schemaLocation="http://www.loc.gov/MARC21/slim http://www.loc.gov/standards/marcxml/schema/MARC21slim.xsd"
    xmlns="http://www.loc.gov/MARC21/slim">

  <leader>03560cam a2200373 i 4500</leader>
  <controlfield tag="001">17261075</controlfield>
  <controlfield tag="003">EG-ScBUE</controlfield>
  <controlfield tag="005">20251210093234.0</controlfield>
  <controlfield tag="008">120418s2013    enka   f b    001 0 eng d</controlfield>
  <datafield tag="020" ind1=" " ind2=" ">
    <subfield code="a">9781107005877 (hardback)</subfield>
  </datafield>
  <datafield tag="040" ind1=" " ind2=" ">
    <subfield code="a">EG-ScBUE</subfield>
    <subfield code="b">eng</subfield>
    <subfield code="e">rda</subfield>
    <subfield code="c">EG-ScBUE</subfield>
    <subfield code="d">EG-ScBUE</subfield>
  </datafield>
  <datafield tag="082" ind1="0" ind2="4">
    <subfield code="a">548.8</subfield>
    <subfield code="2">22</subfield>
    <subfield code="b">DEG</subfield>
  </datafield>
  <datafield tag="100" ind1="1" ind2=" ">
    <subfield code="a">De Graef, Marc,</subfield>
    <subfield code="9">36964</subfield>
    <subfield code="e">author.</subfield>
  </datafield>
  <datafield tag="245" ind1="1" ind2="0">
    <subfield code="a">Structure of materials :</subfield>
    <subfield code="b">an introduction to crystallography, diffraction and symmetry /</subfield>
    <subfield code="c">Marc De Graef, Carnegie Mellon University, Pittsburg, Michael E. McHenry, Carnegie Mellon University, Pittsburg.</subfield>
  </datafield>
  <datafield tag="250" ind1=" " ind2=" ">
    <subfield code="a">Second edition,</subfield>
    <subfield code="b">fully revised and updated.</subfield>
  </datafield>
  <datafield tag="250" ind1=" " ind2=" ">
    <subfield code="a">Third printing.</subfield>
  </datafield>
  <datafield tag="264" ind1=" " ind2="1">
    <subfield code="a">Cambridge, United Kingdom : </subfield>
    <subfield code="b">Cambridge University Press, </subfield>
    <subfield code="c">2013.</subfield>
  </datafield>
  <datafield tag="300" ind1=" " ind2=" ">
    <subfield code="a">xxxii, 739 pages :</subfield>
    <subfield code="b">illustrations ;</subfield>
    <subfield code="c">26 cm</subfield>
  </datafield>
  <datafield tag="336" ind1=" " ind2=" ">
    <subfield code="2">rdacontent</subfield>
    <subfield code="a">text</subfield>
    <subfield code="b">txt</subfield>
  </datafield>
  <datafield tag="337" ind1=" " ind2=" ">
    <subfield code="a">unmediated</subfield>
    <subfield code="2">rdamedia</subfield>
    <subfield code="b">n</subfield>
  </datafield>
  <datafield tag="338" ind1=" " ind2=" ">
    <subfield code="a">volume</subfield>
    <subfield code="b">nc</subfield>
    <subfield code="2">rdacarrier</subfield>
  </datafield>
  <datafield tag="500" ind1=" " ind2=" ">
    <subfield code="a">Reprint of the 2012 edition.</subfield>
  </datafield>
  <datafield tag="504" ind1=" " ind2=" ">
    <subfield code="a">Includes bibliographical references and index.
</subfield>
  </datafield>
  <datafield tag="505" ind1="8" ind2=" ">
    <subfield code="a">Machine generated contents note : 1. Materials and materials properties ; 2. The periodic table of the elements and interatomic bonds ; 3. What is a crystal structure ? ; 4. Crystallographic computations ; 5. Lattice planes ; 6. Reciprocal space ; 7. Additional crystallographic computations; 8. Symmetry in crystallography ; 9. Point groups ; 10. Plane groups and space groups; 11. X-ray diffraction: geometry; 12. X-ray diffraction: intensities ; 13. Other diffraction techniques ; 14. About crystal structures and diffraction patterns ; 15. Non-crystallographic point groups ; 16. Periodic and aperiodic tilings; 17. Metallic structures I : simple, derivative, and superlattice structures ; 18. Metallic structures II : complex geometrically determined structures ; 19. Metallic structures III : quasicrystals ; 20. Metallic structures IV : amorphous metals ; 21. Ceramic structures I : basic structure prototypes ; 22. Ceramic structures II: high temperature superconductors ; 23. Ceramic structures III : terrestrial and extraterrestrial minerals ; 24. Molecular solids and biological materials.</subfield>
  </datafield>
  <datafield tag="520" ind1=" " ind2=" ">
    <subfield code="a">"This highly readable, popular textbook for upper undergraduates and graduates comprehensively covers the fundamentals of crystallography and symmetry, applying these concepts to a large range of materials. New to this edition are more streamlined coverage of crystallography, additional coverage of magnetic point group symmetry and updated material on extraterrestrial minerals and rocks. New exercises at the end of chapters, plus over 500 additional exercises available online, allow students to check their understanding of key concepts and put into practice what they have learnt. Over 400 illustrations within the text help students visualise crystal structures and more abstract mathematical objects, supporting more difficult topics like point group symmetries. Historical and biographical sections add colour and interest by giving an insight into those who have contributed significantly to the field. Supplementary online material includes password-protected solutions, over 100 crystal structure data files, and Powerpoints of figures from the book"-</subfield>
  </datafield>
  <datafield tag="650" ind1=" " ind2="7">
    <subfield code="a">Crystallography.</subfield>
    <subfield code="9">5843</subfield>
    <subfield code="2">BUEsh</subfield>
  </datafield>
  <datafield tag="650" ind1=" " ind2="7">
    <subfield code="a">Diffraction.</subfield>
    <subfield code="9">7157</subfield>
    <subfield code="2">BUEsh</subfield>
  </datafield>
  <datafield tag="650" ind1=" " ind2="7">
    <subfield code="a">Symmetry (Art)</subfield>
    <subfield code="9">6279</subfield>
    <subfield code="2">BUEsh</subfield>
  </datafield>
  <datafield tag="650" ind1=" " ind2="7">
    <subfield code="a">Materials science.</subfield>
    <subfield code="9">1255</subfield>
    <subfield code="2">BUEsh</subfield>
  </datafield>
  <datafield tag="653" ind1=" " ind2=" ">
    <subfield code="b">ENGELC</subfield>
    <subfield code="c">December2014</subfield>
  </datafield>
  <datafield tag="655" ind1=" " ind2=" ">
    <subfield code="v">Reading book</subfield>
    <subfield code="9">34232</subfield>
  </datafield>
  <datafield tag="700" ind1="1" ind2=" ">
    <subfield code="a">McHenry, Michael E.,</subfield>
    <subfield code="9">36965</subfield>
    <subfield code="e">author.</subfield>
  </datafield>
  <datafield tag="942" ind1=" " ind2=" ">
    <subfield code="2">ddc</subfield>
    <subfield code="c">BB</subfield>
  </datafield>
  <datafield tag="999" ind1=" " ind2=" ">
    <subfield code="c">18794</subfield>
    <subfield code="d">18766</subfield>
  </datafield>
  <datafield tag="952" ind1=" " ind2=" ">
    <subfield code="0">0</subfield>
    <subfield code="1">0</subfield>
    <subfield code="2">ddc</subfield>
    <subfield code="4">0</subfield>
    <subfield code="7">0</subfield>
    <subfield code="8">Baccah</subfield>
    <subfield code="a">MAIN</subfield>
    <subfield code="b">MAIN</subfield>
    <subfield code="c">1ST</subfield>
    <subfield code="d">2014-12-17</subfield>
    <subfield code="e">purchase</subfield>
    <subfield code="g">434.00</subfield>
    <subfield code="h">21291</subfield>
    <subfield code="l">0</subfield>
    <subfield code="o">548.8 DEG</subfield>
    <subfield code="p">000037210</subfield>
    <subfield code="r">2025-07-15 00:00:00</subfield>
    <subfield code="v">542.50</subfield>
    <subfield code="w">2014-12-17</subfield>
    <subfield code="y">BB</subfield>
  </datafield>
  <datafield tag="952" ind1=" " ind2=" ">
    <subfield code="0">0</subfield>
    <subfield code="1">0</subfield>
    <subfield code="2">ddc</subfield>
    <subfield code="4">0</subfield>
    <subfield code="7">0</subfield>
    <subfield code="8">Baccah</subfield>
    <subfield code="a">MAIN</subfield>
    <subfield code="b">MAIN</subfield>
    <subfield code="c">1ST</subfield>
    <subfield code="d">2014-12-17</subfield>
    <subfield code="e">purchase</subfield>
    <subfield code="g">434.00</subfield>
    <subfield code="h">21291</subfield>
    <subfield code="l">0</subfield>
    <subfield code="o">548.8 DEG</subfield>
    <subfield code="p">000037211</subfield>
    <subfield code="r">2025-07-15 00:00:00</subfield>
    <subfield code="v">542.50</subfield>
    <subfield code="w">2014-12-17</subfield>
    <subfield code="y">BB</subfield>
  </datafield>
</record>
